Αξιολόγηση δυνατότητας επαναχρησιμοποίησης υγρών αστικών αποβλήτων για άρδευση στην περιοχή της Μ.Ε.Υ.Α. Λαμίας : πτυχιακή εργασία
Αποθηκεύτηκε σε:
| Κύριος συγγραφέας: | |
|---|---|
| Συγγραφή απο Οργανισμό/Αρχή: | |
| Άλλοι συγγραφείς: | , |
| Μορφή: | Thesis Βιβλίο |
| Γλώσσα: | Greek |
| Δημοσίευση: |
Μυτιλήνη :
Πανεπιστήμιο Αιγαίου, Τμήμα Περιβάλλοντος,
2002
|
| Θέματα: | |
| Διαθέσιμο Online: | http://hdl.handle.net/11610/10285 |
| Ετικέτες: |
Προσθήκη ετικέτας
Δεν υπάρχουν, Καταχωρήστε ετικέτα πρώτοι!
|
MARC
| LEADER | 00000cam a2200000 i 4500 | ||
|---|---|---|---|
| 001 | 1/80405 | ||
| 008 | 050708s2002 gre d | ||
| 035 | |l 10079016 | ||
| 040 | |a GR-MY-UA |b gre |e aacr | ||
| 041 | 0 | |a gre | |
| 082 | 0 | |a 628.3 |2 (22) | |
| 100 | 1 | |a Καστανιώτη, Ανθούλα. | |
| 245 | 1 | 0 | |a Αξιολόγηση δυνατότητας επαναχρησιμοποίησης υγρών αστικών αποβλήτων για άρδευση στην περιοχή της Μ.Ε.Υ.Α. Λαμίας : |b πτυχιακή εργασία / |c Καστανιώτη Ανθούλα ; υπεύθυνοι καθηγητές Θ. Λέκκας, Π. Παρασκευάς |
| 260 | |a Μυτιλήνη : |b Πανεπιστήμιο Αιγαίου, Τμήμα Περιβάλλοντος, |c 2002 | ||
| 300 | |a 157 σ.; |b εικ., σχ., διαγρ., χάρτες; |c 30 εκ. | ||
| 502 | |a Πτυχιακή εργασία – Πανεπιστήμιο Αιγαίου, Λέσβος, 2002. | ||
| 504 | |a Βιβλιογραφία | ||
| 650 | 0 | 0 | |a Sewage irrigation. |
| 650 | 0 | 0 | |a Water reuse. |
| 650 | 0 | 0 | |a Dissertations, Academic |z Greece. |
| 700 | 1 | |a Παρασκευάς, Παναγιώτης. |4 ths | |
| 700 | 1 | |4 ths |a Λέκκας, Θεμιστοκλής Δ. | |
| 710 | 2 | |a Πανεπιστήμιο Αιγαίου. |b Σχολή Περιβάλλοντος. |b Τμήμα Περιβάλλοντος. | |
| 852 | |a INST |b LESVOS |c DIATR |e 20050728 |h 731 |p 005100031575 |q 005100031575 |t DIE |y 23 | ||
| 852 | |a INST |b LESVOS |c DIATR |e 20050708 |h 732 |p 005100031576 |q 005100031576 |t DIE |y 23 | ||
| 856 | |u http://hdl.handle.net/11610/10285 | ||
| 901 | |a BIBL1-2005-2 | ||
| 909 | |a Λ |b 102836 | ||
| 909 | |a Λ |b 102837 | ||
| 924 | |a ΚΑΣΤΑΝΙΩΤΗ |b ΑΝΘΟΥΛΑ |y ΛΕΣΒΟΣ |z 2002-10 | ||
| 970 | |a ΜΑΡΙΝΑΤΟΥ |b ΜΥΡΣΙΝΗ |z 2005/07/08 | ||